| 000 | 00390nam a2200157Ia 4500 | ||
|---|---|---|---|
| 008 | 210716s1998 xx 000 0 und d | ||
| 020 | _a9788173711350 | ||
| 041 | _aeng | ||
| 082 | _a658.802 MAZL | ||
| 100 | _aMazur, Laura; Hogg, Annik. | ||
| 245 | _aMarketing challenge. | ||
| 250 | _a1 | ||
| 260 |
_aHyderabad _bUniversities Press _c1998 |
||
| 300 | _axvii,298 | ||
| 650 | _aMarketing | ||
| 999 |
_c198894 _d198894 |
||